000 00200 a2200085 4500
020 _a9788179931882
100 _aRAKESH KUMAR
245 _aMUNICIPAL WATER AND WASTE WATER TREATMENT
260 _bTERRI PRESS
999 _c13096
_d13096